000 00657nam a22002537a 4500
003 UA-OsUOA
001 28929
007 ta
008 20050516b un ||||| |||| 00| 0 ukr d
100 _aКулиняк Д. І.
090 _a821.161.2
_bК90
942 _cBK
040 _aUA-OsUOA
_bukr
_cUA-OsUOA
_dUA-OsUOA
245 _aОд Калниша вісті . . .
300 _a344 с.
955 _a3
041 _aukr
080 _a821.161.2
020 _a966-7270-41-6
260 _aК.
_bКиївська правда
_c2004
044 _aUA
650 7 _a82 Література. Літературознавство
_2UDC
999 _c315305
_d315305